Soldadura eléctrica por arco, llamada de contacto y La influencia del hidrógeno en la porosidad y la fisuración en caliente de las soldaduras según el electrodo empleado / (Record no. 114941)

MARC details
000 -LEADER
campo de control de longitud fija 00786nam a2200193 i 4500
001 - NÚMERO DE CONTROL
campo de control 114941
003 - IDENTIFICADOR DE NÚMERO DE CONTROL
campo de control ES-MaACL
005 - FECHA Y HORA DE LA ÚLTIMA TRANSACCIÓN
campo de control 20230906190305.0
007 - CAMPO FIJO DE DESCRIPCIÓN FÍSICA--INFORMACIÓN GENERAL
campo de control de longitud fija t|
008 - DATOS DE LONGITUD FIJA--INFORMACIÓN GENERAL
campo de control de longitud fija 070213s1950 sp ||||1| spa d
100 1# - ENTRADA PRINCIPAL--NOMBRE DE PERSONA
Nombre de persona Willigen, P. C. Van der.
9 (RLIN) 116976
245 10 - MENCIÓN DEL TÍTULO
Título Soldadura eléctrica por arco, llamada de contacto y La influencia del hidrógeno en la porosidad y la fisuración en caliente de las soldaduras según el electrodo empleado /
Mención de responsabilidad, etc. por P.C. Van der Willigen.
260 ## - PUBLICACIÓN, DISTRIBUCIÓN, ETC.
Lugar de publicación, distribución, etc. Madrid :
Nombre del editor, distribuidor, etc. Consejo Superior de Investigaciones Científicas,
Fecha de publicación, distribución, etc. 1950.
300 ## - DESCRIPCIÓN FÍSICA
Extensión 27 p. :
Otras características físicas il. ;
Dimensiones 30 cm.
490 1# - MENCIÓN DE SERIE
Mención de serie Instituto de la Soldadura: Publicaciones ;
Designación de volumen o secuencia 14
830 0# - PUNTO DE ACCESO ADICIONAL DE SERIE-TÍTULO UNIFORME
Título uniforme Instituto de la Soldadura: Publicaciones ;
Designación de volumen o secuencia 14
9 (RLIN) 185853
852 ## - LOCALIZACIÓN
Ubicación ES-MaACL
Número de control de estantería C-56546
Holdings
Estatus retirado Estado de pérdida Estado de daño No para préstamo Biblioteca de origen Biblioteca actual Ubicación en estantería Fecha de adquisición Fuente de adquisición Total de préstamos Signatura topográfica completa Código de barras Visto por última vez Precio de reemplazo Tipo de ítem Koha
        Biblioteca del Ateneo de Madrid Biblioteca del Ateneo de Madrid Depósito 2 17/01/2008     C-56546 1119862 23/02/2023 23/02/2023 Libro impreso